000 00927nam a2200253Ia 4500
003 OSt
005 20221005112325.0
006 a|||||r|||| 00| 0
007 ta
008 221004b |||||||| |||| 00| 0 pan d
020 _a9788178563015
_c250
024 _a117118
037 _b660, 22/03/2012, H.K. Prakashan
_cTextual
040 _aCRL
_cCRL
_bpan
041 _2pan
_apan
082 _aO153,2N08:g, Q1
100 _aਬ੍ਰਹਮਜਗਦੀ ਸਿੰਘ
245 0 _aਸੰਤ ਸਿੰਘ ਸੇਖੋ੍ਵ
_b ਜੀਵਨ ਅਤੇ ਰਚਨਾ
260 _aਅੰਮ੍ਰਿਤਸਰ
_bਵਾਰਿਸ ਾਹ ਖ਼ਾਊ੍ਵਡੇਨ ਭਾਰਤ
_c2011
300 _a208ਪੰ
_ccm.
650 _aਪੰਜਾਬੀ ਸਾਹਿਤ
942 _hO153,2N08:g, Q1
_cTEXL
_2cc
999 _c1024547
_d1024547